000 00275nam a2200097Ia 4500
001 1075807
005 20250827002245.0
008 250824s9999 xx 000 0 und d
245 0 _aİSLAM DÜŞÜNCESİNİN TEŞEKKÜL DÖNEMİ
_cW. MONTGOMERY WATT
260 _bKETEBE YAYINLARI
999 _c1075807
_d1075807